LEADER 01418nam--2200433---450- 001 990001084860203316 005 20090902095149.0 010 $a5-89349-635-3$b(Flinta) 010 $a5-02-033012-4 (Nauka) 035 $a000108486 035 $aUSA01000108486 035 $a(ALEPH)000108486USA01 035 $a000108486 100 $a20020611d2006----km-y0itay50------ba 101 0 $arus 102 $aRU 105 $ay|||z|||001yy 200 1 $aRusskaja razgovornaja re?$elingvisti?eskij analiz i problemy obu?enija$eu?ebnoe posobie$fE. A. Zemskaja 205 $a4. izd., ispravlennoe 210 $aMoskva$cFlinta$cNauka$d2006 215 $a238 p.$d21 cm 225 2 $aRusskij jazyk kak inostrannyj 410 0$12001$aRusskij jazyk kak inostrannyj 606 0 $aLingua russa$2BNCF 676 $a491.78 700 1$aZEMSKAJA,$bElena Andreevna$0553893 801 0$aIT$bsalbc$gISBD 912 $a990001084860203316 951 $aVIII.1.D. 73$b2605 L.G.$cVIII.1.D.$d00228160 951 $aVIII.1.D. 73a$b2606 L.G.$cVIII.1.D.$d00228161 951 $aVIII.1.D. 73b$b2607 L.G.$cVIII.1.D.$d00228162 959 $aBK 969 $aUMA 979 $aMARIA$b10$c20020611$lUSA01$h1015 979 $aPATRY$b90$c20040406$lUSA01$h1715 979 $aANNAMARIA$b90$c20090902$lUSA01$h0931 979 $aANNAMARIA$b90$c20090902$lUSA01$h0951 996 $aRusskaja razgovornaja re?$9978795 997 $aUNISA LEADER 01673nam0 22003851i 450 001 UON00169180 005 20231205103046.297 010 $a01-981525-3-1 100 $a20030514d1999 |0itac50 ba 101 $aeng 102 $aGB 105 $a|||| ||||| 200 1 $aParthenius of Nicaea$ethe poetical fragments and the Erotica pathemata$fedited with introduction and commentaries by J. L. Lightfoot 210 $aOxford$cClarendon Press$d1999 215 $a607 p.$d23 cm 312 $ain inglese$9UON00372484 312 $ain greco, in inglese$9UON00372486 510 0$3UON00372484$aPeri erotikon pathematon 510 0$3UON00372486$aErotika pathemata 606 $aELEGIA GRECA$3UONC028978$2FI 606 $aLetteratura greca$xStorie d'amore$3UONC028013$2FI 606 $aPARTENIO DI NICEA$xOpere$xInterpretazione e critica$3UONC052784$2FI 606 $aPARTENIO DI NICEA$xOpere$xTraduzioni inglesi$3UONC052783$2FI 620 $aGB$dOxford$3UONL000029 676 $a881.01$cPoesia greca classica. Periodo attico, fino al 500 ca.$v20 700 0$aPARTHENIUS : Nicaenus$3UONV143042$0487195 702 1$aLIGHTFOOT$bJ.L.$3UONV099194 712 $aClarendon Press$3UONV246509$4650 790 0$aPARTENIO : di#Nicea$zPARTHENIUS : Nicaenus$3UONV057365 801 $aIT$bSOL$c20260220$gRICA 899 $aSIBA - SISTEMA BIBLIOTECARIO DI ATENEO E ARCHIVIO STORICO$2UONSI 912 $aUON00169180 950 $aSIBA - SISTEMA BIBLIOTECARIO DI ATENEO E ARCHIVIO STORICO$dSI T 1 PARTEN 3000 $eSI MC 26946 5 996 $aParthenius of Nicaea$91281889 997 $aUNIOR